| 000 | 00385nam a2200133Ia 4500 | ||
|---|---|---|---|
| 003 | GCL | ||
| 008 | 140319s9999 xx 000 0 ara d | ||
| 040 |
_aGCL / _cGCL |
||
| 082 | 0 | 4 |
_a813.03 _bت م |
| 245 | 1 | 0 | _aليلة الزفاف |
| 260 |
_a[S.N] : _bدار الكتاب اللبنانى ، _c1980 |
||
| 300 | _a172 ص | ||
| 490 |
_aمكتبة توفيق الحكيم الشعبية _v0 |
||
| 999 |
_c54953 _d54953 |
||